[Event "Limoges University-ch"]
[Site "Limoges"]
[Date "2022.02.05"]
[Round "1"]
[White "Rakotomaharo, Fy Antenaina"]
[Black "Cellier, Cornelius"]
[Result "1-0"]
[WhiteElo "2474"]
[BlackElo "1199"]
[PlyCount "49"]
[EventDate "2022.02.05"]
[EventType "swiss"]
[EventRounds "9"]
[EventCountry "FRA"]
[SourceTitle "EXT 2023"]
[Source "ChessBase"]
[SourceDate "2022.10.05"]
[SourceVersion "1"]
[SourceVersionDate "2022.10.05"]
[SourceQuality "1"]

1. d4 Nf6 2. Nc3 g6 3. e4 d6 4. Be3 Bg7 5. Qd2 h5 6. h3 Bd7 7. e5 dxe5 8. dxe5 Ng8 9. f4 Qc8 10. 0-0-0 Nc6 11. Bc4 Be6 12. Nd5 Bxd5 13. Bxd5 e6 14. Bxc6+ bxc6 15. Nf3 Ne7 16. Bc5 Nf5 17. g4 Ng3 18. Rhe1 hxg4 19. hxg4 Bf8 20. Bxf8 Kxf8 21. Qg2 Nh5 22. gxh5 Rxh5 23. Rh1 Rxh1 24. Rxh1 Kg7 25. Qg5 1-0